Biggest U.S. Cities in the Border States of the American Civil War - Statistics

General Stats
  • This quiz has been taken 124 times
    110 since last reset
  • The average score is 18 of 50
Answers on the Map
Answers color-coded by a green-red scale on the quiz's map according to % correct below.
 
Answer Stats
Population State Cities % Correct
160,773 MO St. Louis
99%
212,418 MD Baltimore
97%
68,033 KY Louisville
92%
4,418 MO Kansas City
88%
1,520 WV Charleston
84%
4,529 MD Annapolis
81%
9,321 KY Lexington
78%
4,122 MO Lexington
78%
21,258 DE Wilmington
78%
3,082 MO Jefferson City
76%
3,702 KY Frankfort
66%
14,083 WV Wheeling
62%
8,143 MD Frederick
55%
8,932 MO St. Joseph
55%
3,164 MO Independence
53%
3,400 KY Bowling Green
49%
2,308 KY Owensboro
39%
16,471 KY Covington
38%
4,132 MD Hagerstown
35%
4,590 KY Paducah
35%
1,500 MD Salisbury
34%
2,493 WV Parkersburg
32%
4,078 MD Cumberland
31%
3,239 MO St. Charles
28%
2,663 MO Cape Girardeau
26%
6,505 MO Hannibal
24%
10,046 KY Newport
24%
1,902 DE New Castle
23%
3,364 WV Martinsburg
20%
1,963 MD Havre de Grace
18%
2,289 KY Hopkinsville
15%
1,684 KY Georgetown
14%
2,630 WV South Wheeling
14%
1,550 MD Westminster
14%
1,862 MD Cambridge
12%
3,000 KY Henderson
11%
1,873 DE Smyrna
11%
1,650 MD Elkton
8%
2,596 MO Boonville
7%
4,962 KY Danville
7%
2,436 MO Louisiana
7%
3,499 KY Maysville
7%
1,999 MO Palmyra
7%
3,993 MO Carondelet
5%
1,511 KY Carrollton
5%
1,539 MD Chestertown
5%
1,706 KY Portland
5%
1,810 MO Weston
5%
1,668 KY Harrodsburg
4%
1,500 MD Port Deposit
4%
No matching quizzes found
Score Distribution
Percent of People with Each Score
Percentile by Number Answered
Your Score History
You have not taken this quiz since the last reset